| 000 | 00820nam a2200265Ia 4500 | ||
|---|---|---|---|
| 003 | OSt | ||
| 005 | 20221006160020.0 | ||
| 006 | a|||||r|||| 00| 0 | ||
| 007 | ta | ||
| 008 | 221006b |||||||| |||| 00| 0 eng d | ||
| 020 |
_a9780739124512 _c _75.00 |
||
| 024 | _a44,065 | ||
| 037 |
_bGift, Korean Embassy ( Window on Korea) _cTextual |
||
| 040 |
_aEASL _cEASL _beng |
||
| 041 |
_2eng _aeng |
||
| 082 | _aO4950aMW, Q0 | ||
| 100 |
_aKelly Y. Jeong _9671466 |
||
| 245 | 0 |
_aCrisis of gender of the nation in korea literature and cinema _bmodernity arrives again |
|
| 260 |
_aLanham _bLexington Books _c2010 |
||
| 300 |
_a156p. _ccm. |
||
| 490 | _v KEL | ||
| 650 | _aKEL | ||
| 942 |
_hO4950aMW, Q0 _cTEXL _2CC |
||
| 999 |
_c1112157 _d1112157 |
||